000 00925nam a2200253 a 4500
001 000006742
005 20200929154003.0
008 090902s1999 dr 000 0 spa d
040 _aDO-SdBNP
_bspa
_cBNPHU
082 _a616.855
_bT325t
100 1 _aTerré Camacho, Orlando
_d1961-
_918765
245 1 0 _aTrastornos y alteraciones del lenguaje infantil :
_bmanual práctico /
_cOrlando Terré Camacho.
260 _aSanto Domingo, :
_bCocolo editorial,
_c1999.
300 _a202 p. ;
_c21 cm.
500 _aIncluye datos biográficos del autor en las solapas
500 _aBibliografía : p. 201-202
590 _aInventariado, 2018/LP
650 4 _aTrastornos del lenguaje en niños
_918766
650 4 _aTrastornos del habla en niños
_918767
650 4 _aDislalia
_918768
650 4 _aTrastornos de la voz en niños
_918769
650 4 _aDificultad en la lectura
_918770
910 _aValidado. Control de calidad MFF
999 _c6531
_d6531